000 02595nam0a2200409 4500
001 RU\NLR\bibl\1860981
005 20260407091042.0
010 _a978-5-87555-718-7
_9100
021 _aRU
_b2011-106412
_97612
035 _a(nilc)LIBNET\0000182533
035 _a(NLR Aleph) 001850880
090 _a2400202
_c2400202
100 _a20111122d2011 |||y0rusy50 ca
101 0 _arus
102 _aRU
105 _aa |||||||||
200 1 _aТеоретические методы локализации в пространстве-времени неоткрытых небесных тел
_eколлективная монография
_e(посвящается 100-летию со дня рождения В. В. Радзиевского)
_f[Н. И. Перов, А.Э. Байдин, Д.В. Колесников и др.
_gпод науч. ред. и с предисл. Н. И. Перова]
_gМ-во образования и науки Рос. Федерации, Федер. гос. бюджет. образоват. учреждение высш. проф. образования "Яросл. гос. пед. ун-т им. К. Д. Ушинского"
210 _aЯрославль
_cИзд-во ЯГПУ им. К. Д. Ушинского
_d2011
215 _a203 с.
_cил.
_d21
300 _aАвт. указаны на обороте тит. л.
320 _aБиблиогр.: с. 187-199
600 1 _aРадзиевский
_bВ.В.
_f1911 - 2003
_gВладимир Вячеславович
_92152375
_3RU\NLR\auth\661600817
606 1 _aНебесные тела
_xКоординаты
_xАстрометрическое определение
_91179029
_3RU\NLR\auth\66156544
686 _a22.6в63
_vLBC/RL
_2rubbk
686 _aВ6д(2)Радзиевский
701 1 _4070
_8rus
_7ca
_aПеров
_bН. И.
_gНиколай Иванович
_3RU\NLR\auth\777458
_9117392
701 1 _aБайдин
_bА. Э.
_gАлексей Эдуардович
701 1 _aКолесников
_bД. В.
_gДмитрий Викторович
702 1 _aРадзиевский
_bВ. В.
_f1911-2003
_gВладимир Вячеславович
_4570
712 0 2 _4570
_aЯрославский государственный педагогический университет им. К. Д. Ушинского
_3RU\NLR\AUTH\8815514
_9304213
801 0 _aRU
_bЯрославская ОУНБ
_c20111122
_grcr
_2rusmarc
801 1 _aRU
_bЯрославская ОУНБ
_c20111122
_grcr
_2rusmarc
801 2 _aRU
_bNLR
_c20120127
_grcr
942 _cBOOK
980 _aNB
980 _aNBR